000 00293nam a22001337a 4500
008 170814b xxu||||| |||| 00| 0 eng d
020 _a0471170607
041 _aeng
080 _a004
100 _a35
101 _aSHK
245 _aMULTIVARIATE DATA ANALYSIS
_cCOOLEY,W.W
942 _2udc
_cBK
999 _c23424
_d23424